000 00646nam a2200229Ia 4500
003 OSt
005 20220926013321.0
006 a|||||r|||| 00| 0
007 ta
008 220923b |||||||| |||| 00| 0 eng d
037 _cGeneral Book
040 _aRTL
_cRTL
_beng
041 _2eng
_aeng
082 _aW6, H2
100 _aMackinder Halford J
_9318099
245 0 _aDemocratic ideals and reality. Ed by Anthony J Pea
260 _aNew York
_bHolt Rinchart and Winston
_c1942
300 _axxiv, 278p
_ccm.
650 _aDemocracy
_920451
942 _hW6, H2
_cGB
_2CC
999 _c625691
_d625691